| 000 | 01140nam a2200313 c 4500 | ||
|---|---|---|---|
| 003 | BLK | ||
| 005 | 20191223161151.0 | ||
| 008 | 180412b bul|||||r ||||||| ||bul|| | ||
| 010 | _aKNG00005143000 | ||
| 020 |
_a954-585-297-6 _bиздат.: Бард |
||
| 040 | _aBLK | ||
| 041 |
_aBUL _cBUL |
||
| 080 |
_aМексиканска литература _b821.134.2(720) _x-31 _z821.134.2(720)-31 |
||
| 100 | 1 |
_aЕскивел, Лаура _eпърви автор _967631 |
|
| 700 | 1 |
_aДичева, Елена _eпрев. от исп. _9248156 |
|
| 139 |
_aЕскивел, Лаура _bЕ 88 |
||
| 245 | 1 | 0 |
_aРаздавачът на щастие _bРоман _cЛаура Ескивел; прев. от исп. Елена Дичева. |
| 257 | _aMEX | ||
| 260 |
_аСофия _bБард _c2001 _fХасково : Полиграфюг |
||
| 300 |
_a192 с. _c20 см |
||
| 380 | _aX | ||
| 500 | _aОриг. загл. Tan veloz como el deseo / Laura Esguivel. | ||
| 653 | _aромани | ||
| 852 | _aЦб 210576 | ||
| 856 | 4 |
_qpdf _u |
|
| 856 | 4 |
_qpdf _u |
|
| 942 |
_cKNG _n0 _04 |
||
| 944 |
_aCR _c24.02.2003 _kЛюдмила_Стоянова |
||
| 944 |
_aED _c11.09.2009 _k |
||
| 999 |
_c4021 _d4021 |
||